000 00319nam a2200157Ia 4500
100 _aShivaKumar/B.L
650 _aMCQ
942 _cBK
366 _f20
654 _aMCQ
245 _aMCQ's in computer science
260 _bU.S.Press
_c2015
082 _a4.1
_bSHI
300 _a257
546 _aENGLISH
_cComputers
999 _c29896
_d29896